[Event "3rd Kolkata GM Open 2018"]
[Site "Kolkata"]
[Date "2018.05.22"]
[Round "9"]
[White "Lalith Babu M R"]
[Black "Ravi, Teja S"]
[Result "1/2-1/2"]
[WhiteElo "2531"]
[BlackElo "2338"]
[Annotator "TA"]
[PlyCount "78"]
[EventDate "2018.??.??"]
[EventType "swiss"]
[EventCountry "IND"]
[SourceTitle "playchess.com"]
[Source "ChessBase"]
[SourceQuality "1"]

{[%evp 15,78,-16,16,-46,1,-4,-11,-52,-35,-50,-45,-60,-54,-77,-56,-104,-97,-96,-99,-138,-92,-143,0,0,0,-73,-53,-38,-23,-28,-35,-48,-52,-46,-47,-54,-53,-297,-93,-109,-78,-85,-68,-68,-33,-45,-39,-48,0,0,0,0,1,0,0,0,0,0,8,0,0,0,0,0,0]} 1. c4 c6 2. Nf3 d5 3. g3 Bg4 4. Bg2 e6 5. O-O Nf6 6. d4 Nbd7 7. h3 {D11: Slav Defence: 3 Nf3 sidelines and 3...Nf6 4 e3 Bg4} Bh5 8. Nc3 (8. cxd5 exd5 9. Ne5 Ne4 10. Nd2 Nxd2 11. Bxd2 Nxe5 12. dxe5 Bc5 13. Kh2 O-O {½-½ (32) Svidler,P (2768)-Karjakin,S (2753) Wijk aan Zee 2018}) 8... Be7 {LiveBook: 6 Games} 9. Re1 (9. cxd5 $11 cxd5 10. Bf4) 9... O-O 10. g4 $146 ({Predecessor:} 10. e4 dxe4 11. Nxe4 Bg6 12. Nxf6+ Bxf6 13. Be3 Nb6 14. Qb3 Qd7 15. Rad1 {1-0 (56) Tanacs,A (2031)-Bogar,P (1955) Miskolc 2008}) 10... Bg6 11. Nh4 dxc4 12. Nxg6 hxg6 13. e4 e5 14. Be3 Qc7 15. Qe2 exd4 16. Bxd4 {Black should prevent e5.} Ne5 17. Red1 g5 18. Qe3 (18. Bxe5 $142 Qxe5 19. Qxc4) 18... c5 (18... Nfd7 $17 19. a4 Rfd8) 19. Bxe5 $1 $11 Qxe5 20. Qe2 (20. Qg3 $11 Qxg3 21. fxg3) 20... a6 21. a4 b5 22. axb5 axb5 {Strongly threatening ...Rxa1.} 23. Nxb5 Rxa1 24. Rxa1 Nd5 {[%cal Bf6d5,Bd5f4,Bf4d3][%mdl 32] aiming for ...Nf4.} 25. Qc2 Nf4 {And now ...Rb8 would win.} 26. Na3 $2 {[#]} ({White should play} 26. Bf1 $1 $15) 26... c3 $2 (26... Bd6 $1 $19 27. Rd1 Nxg2 28. Kxg2 Qh2+ 29. Kf1 Qxh3+ 30. Ke1 Bf4 31. Nxc4 Re8) 27. Nc4 $17 cxb2 28. Rb1 Qd4 29. Rxb2 Nd3 30. Rb7 Bf6 {White must now prevent ...Nxf2!} 31. Bf1 Nb4 32. Qe2 {The position is equal.} Re8 33. Nd2 Qd6 34. Qc4 $36 {[%mdl 2048] White has the initiative.} Re7 35. Rxe7 Bxe7 36. Nf3 Nc6 37. Qd5 Nd4 38. Nxd4 Qxd5 39. exd5 {[#] Nb5 is the strong threat.} cxd4 {Precision: White = 29%, Black = 33%.} 1/2-1/2

[Event "3rd Kolkata GM Open 2018"]
[Site "Kolkata"]
[Date "2018.05.22"]
[Round "9"]
[White "Narayanan, Srinath"]
[Black "Shyam, Sundar M"]
[Result "1/2-1/2"]
[WhiteElo "2525"]
[BlackElo "2518"]
[Annotator "TA"]
[PlyCount "54"]
[EventDate "2018.??.??"]
[EventType "swiss"]
[EventCountry "IND"]
[SourceTitle "playchess.com"]
[Source "ChessBase"]
[SourceQuality "1"]

{[%evp 22,54,30,27,39,38,45,20,38,12,12,10,5,12,8,0,13,7,16,0,36,0,32,-30,0,0,17,-27,0,0,24,-27,0,0,22]} 1. e4 c5 2. Nf3 e6 3. d4 cxd4 4. Nxd4 Nc6 5. Nc3 d6 6. g3 Nf6 7. Bg2 Bd7 8. O-O Be7 9. Re1 a6 10. Nxc6 Bxc6 11. a4 {[%cal Ba2a4,Ba4a5][%mdl 32] B80: Sicilian Scheveningen: 6 g3 and 6 Be3, including English Attack} Rc8 12. a5 {LiveBook: 6 Games} Nd7 13. Be3 {[#] White is slightly better.} h5 $146 ({Predecessor:} 13... Qc7 14. Bd4 O-O 15. Re2 Bf6 16. Bxf6 Nxf6 17. Qd4 Rfd8 18. Qb4 d5 {½-½ (70) Gharamian,T (2332)-Tkachiev,V (2642) France 2004}) 14. Bd4 Kf8 15. Na4 h4 16. Nb6 Nxb6 17. Bxb6 Qd7 18. Qg4 g6 19. c4 Rh5 20. Rad1 hxg3 21. hxg3 Rg5 22. Qh4 (22. Qe2 $14) 22... Rh5 23. Qg4 Rg5 24. Qh4 {[%cal Rh4h8] [#]} Rh5 (24... Kg7 $142) 25. Qg4 $11 Rg5 26. Qh4 (26. Qe2 $142) 26... Rh5 27. Qg4 Rg5 {Precision: White = 40%, Black = 45%.} 1/2-1/2

[Event "3rd Kolkata GM Open 2018"]
[Site "Kolkata"]
[Date "2018.05.22"]
[Round "9"]
[White "Deepan Chakkravarthy J"]
[Black "Sengupta, Deep"]
[Result "1-0"]
[WhiteElo "2516"]
[BlackElo "2563"]
[Annotator "TA"]
[PlyCount "49"]
[EventDate "2018.??.??"]
[EventType "swiss"]
[EventCountry "IND"]
[SourceTitle "playchess.com"]
[Source "ChessBase"]
[SourceQuality "1"]

{[%evp 10,49,28,30,26,30,83,93,115,105,98,97,152,128,160,143,177,189,174,157,139,117,228,232,281,271,288,290,937,935,906,904,1397,1377,1379,1347,1823,1814,1792,1774,1600,1398]} 1. c4 e6 2. g3 d5 {[%cal Bd7d5,Bd5d4][%mdl 32]} 3. Bg2 Nf6 4. Nf3 d4 5. b4 {[%cal Bb2b4,Bb4b5][%mdl 32]} a5 (5... Bxb4 6. Qa4+ Nc6 7. Ne5 Rb8 8. Nxc6 bxc6 9. Qxa7 Rb6 10. Qa4 O-O 11. O-O e5 12. d3 Bg4 13. Qc2 {½-½ (32) Karjakin,S (2771)-Anand,V (2785) Dubai 2014}) 6. b5 {LiveBook: 3 Games. A13: English Opening: 1...e6} c5 7. e3 Nbd7 (7... Bd6 $11) 8. O-O $16 {White is better.} Bd6 $146 ({Predecessor:} 8... Nb6 9. exd4 cxd4 10. d3 Bc5 11. Ba3 Qd6 12. Bxc5 Qxc5 13. a4 {½-½ (37) Sanjay,N (2337)-Lokesh,P (2295) Dindigul 2014}) 9. exd4 cxd4 10. Nxd4 Be5 {[#]} (10... Nb6 $142) 11. Nc6 $1 {[%cal Rc6d8]} ({But not} 11. Bb2 $6 Qb6 $11) 11... bxc6 12. d4 Bc7 13. Bxc6 Rb8 14. Ba3 {[%mdl 1024] White has strong compensation.} Bb7 15. Nc3 h5 (15... Bxc6 $16 16. bxc6 Nb6) 16. Re1 $18 h4 17. Qd3 Rh6 {[#] ...hxg3 is the strong threat.} 18. Qf5 {Strongly threatening Rxe6+!} Ng4 $2 (18... Nh7 19. d5 Qf6 20. dxe6 fxe6 21. Qxf6 Nhxf6) 19. Qxg4 {White is clearly winning.} hxg3 20. hxg3 g5 21. Nd5 Bxc6 22. bxc6 Nf8 23. Be7 Qc8 24. Qxg5 {White threatens Qg8 and mate.} Rg6 25. Nf6+ {Precision: White = 98%, Black = 36%.} 1-0

[Event "3rd Kolkata GM Open 2018"]
[Site "Kolkata"]
[Date "2018.05.22"]
[Round "9"]
[White "Neverov, Valeriy"]
[Black "Tran, Minh Thang"]
[Result "1-0"]
[WhiteElo "2496"]
[BlackElo "2404"]
[Annotator "TA"]
[PlyCount "83"]
[EventDate "2018.??.??"]
[EventType "swiss"]
[EventCountry "IND"]
[SourceTitle "playchess.com"]
[Source "ChessBase"]
[SourceQuality "1"]

{[%evp 13,83,-9,-6,-25,-20,-32,-39,-40,-29,-47,11,4,0,-15,65,62,60,49,59,58,67,40,69,0,102,118,105,64,143,147,159,91,135,81,720,702,805,811,816,806,702,466,578,577,999,984,1436,1443,1393,0,811,0,1337,642,635,618,801,777,5581,5502,29987,29988,29988,29989,29989,29990,29990,29991,29991,29992,29997,1342]} 1. d4 d5 2. Bf4 c5 3. e3 Nc6 4. Nc3 cxd4 5. exd4 Bf5 6. Bd3 {B13: Caro-Kann: Exchange Variation and Panov-Botvinnik Attack} Bxd3 7. Qxd3 e6 {LiveBook: 4 Games} 8. Nge2 {[%cal Bg1e2,Be2c1,Bc1b3][%mdl 32] The position is equal.} Nf6 9. O-O-O a6 10. Kb1 Rc8 11. h4 $146 ({Predecessor:} 11. f3 Nb4 12. Qd2 Be7 13. g4 {½-½ (30) Sutkovic,D (2322)-Dizdarevic,E (2492) Bihac 2016}) 11... Qa5 (11... b5 $15) 12. h5 $11 b5 {[#] Threatens to win with ...b4.} 13. Nc1 Nb4 (13... h6 $11) 14. Qe2 $14 Be7 15. Nb3 Qb6 16. h6 $36 {[%mdl 2048] White has good play.} g6 $1 17. Bg5 Rxc3 18. Bxf6 (18. bxc3 $14 Ne4 19. Kb2) 18... Bxf6 ({Reject} 18... Rxc2 $6 19. Qf3 $16) (18... Rxb3 $1 $11 {keeps the balance.} 19. Bxe7 (19. Bxh8 $2 {loses.} Qa5 $19) 19... Rxb2+ 20. Kxb2 Kxe7) 19. bxc3 $16 Nc6 20. Qf3 Ke7 (20... Bg5 $14) 21. Rh3 a5 22. Re1 (22. Nc5 $142) 22... Rd8 23. Qf4 ({Much weaker is} 23. Nc5 b4 $15) (23. Qg4 $142 b4 24. Rf3) 23... g5 $2 {[%mdl 8192]} (23... Qb8 $16 24. Qg4 b4) 24. Qf5 $18 g4 25. Qxg4 a4 26. Rf3 axb3 27. Qf4 bxc2+ 28. Kc1 Qa7 29. Qxf6+ Ke8 30. Qh8+ Ke7 31. Qf6+ Ke8 $1 32. Qh8+ (32. Qg7 $142 Qa3+ 33. Kxc2 Nxd4+ 34. Qxd4 Qxa2+ 35. Kc1 Qa1+ 36. Kd2 Qa2+ 37. Ke3) 32... Ke7 {[#]} 33. Qxh7 (33. Rxf7+ $142 $1 {[%mdl 512]} Kxf7 34. Qg7+ Ke8 35. Rxe6+ Qe7 36. Rxe7+ Nxe7 37. Qxh7) 33... Rf8 34. Qxc2 b4 35. h7 Rc8 36. Qf5 Ne5 37. Qf6+ {White mates.} Kd6 38. Qxe5+ Kc6 39. h8=Q Rxh8 40. Qxh8 Qxa2 41. Qc8+ Kd6 42. Qc5+ {Precision: White = 61%, Black = 32%.} 1-0

[Event "3rd Kolkata GM Open 2018"]
[Site "Kolkata"]
[Date "2018.05.22"]
[Round "9"]
[White "Harsha Bharathakoti"]
[Black "Sandipan, Chanda"]
[Result "1-0"]
[WhiteElo "2463"]
[BlackElo "2573"]
[Annotator "TA"]
[PlyCount "103"]
[EventDate "2018.??.??"]
[EventType "swiss"]
[EventCountry "IND"]
[SourceTitle "playchess.com"]
[Source "ChessBase"]
[SourceQuality "1"]

{[%evp 11,103,-6,-2,-9,-7,-17,14,-20,-20,-22,0,2,10,0,49,46,72,46,47,48,62,54,72,45,27,33,51,60,55,46,109,120,89,101,106,46,37,42,39,40,39,0,0,0,0,0,0,0,0,0,0,-80,-78,-129,-138,-138,0,0,0,0,0,0,0,-61,0,0,0,0,0,0,0,0,0,0,801,0,0,0,29970,29945,5373,5102,29985,29986,29986,29987,29987,29988,29988,29989,29995,29994,29997,29998]} 1. d4 f5 2. c4 Nf6 3. Nc3 e6 4. Qc2 b6 5. e3 Bb7 6. f3 {A40: Unusual replies to 1 d4} c5 {LiveBook: 7 Games} 7. a3 Be7 8. Bd3 {The position is equal.} O-O 9. Nge2 (9. d5 $5) 9... Nc6 10. O-O Qb8 11. Bd2 $146 ({Predecessor:} 11. h3 Kh8 12. d5 Ne5 13. e4 fxe4 14. fxe4 {1-0 (56) Malakhatko,V (2596)-Moser,E (2412) Germany 2007}) 11... Bd6 12. f4 Qe8 13. d5 Ne7 {[%cal Re6d5]} 14. e4 fxe4 15. Nxe4 Nxe4 16. Bxe4 Ng6 17. Nc3 (17. Rae1 {seems wilder.} exd5 18. cxd5 Qf7 19. Nc3 a6 20. Qd3) 17... Nxf4 18. Bxf4 Bxf4 19. dxe6 Bc6 $1 20. Bxc6 dxc6 ({Black should try} 20... Be3+ $1 $14 21. Kh1 Rxf1+ 22. Rxf1 dxc6) 21. Qe4 $16 Bd6 22. Rxf8+ Bxf8 23. Rd1 (23. Rf1 $16) 23... Rd8 $14 24. Rxd8 Qxd8 25. Qxc6 Qd4+ 26. Kh1 {And now Qf3 would win.} Qxc4 {[%cal Rc4f1]} 27. h3 Qf1+ 28. Kh2 Qf4+ 29. Kg1 c4 30. Qe8 h6 31. Ne2 {[#]} (31. Kh1 $11) 31... Qf6 $1 $17 32. Nc3 (32. Kh1 $142) 32... Kh7 {( -> ...Bc5+)} 33. Qc6 Qd4+ (33... Bc5+ $17 34. Kh2 Qe5+ 35. g3 Bd6 36. Qe4+ Kg8) 34. Kf1 $1 $11 Qd3+ 35. Ke1 {[#]} Bxa3 $1 {[%mdl 512]} 36. bxa3 Qxc3+ {[%mdl 4096] Endgame KQ-KQ} 37. Kf2 (37. Ke2 $11) 37... Qd4+ (37... Qxa3 $2 38. Qe4+ g6 39. e7 $18) ({Better is} 37... Qe5 $15) 38. Kf3 {Strongly threatening e7.} Qd3+ 39. Kf4 {Hoping for e7.} Qf1+ ({Much weaker is} 39... Qxa3 $6 40. Qe4+ Kg8 41. e7 $16) 40. Ke5 Qe2+ 41. Kd6 {aiming for e7.} Qd3+ 42. Kc7 Qg3+ $2 {[%mdl 8192]} ({Don't go for} 42... Qxa3 $2 43. Qe4+ g6 44. e7 $18) (42... Qe2 $11) 43. Kd7 $2 (43. Kb7 $18 Qe5 44. Qxc4) 43... Qd3+ 44. Kc8 c3 $2 {[%mdl 8192]} ({Not} 44... Qxa3 $2 45. Qe4+ g6 46. e7 $18) (44... Qe2 $11) 45. e7 Qf5+ 46. Kd8 c2 {[#]} 47. e8=Q $1 {White mates.} Qg5+ 48. Kd7 Qd2+ 49. Ke7 {[%csl Ge8][%cal Rc6g6]} Qe3+ 50. Kf8 Qxa3+ 51. Qe7 Qb2 {[#]} 52. Qxc2+ $1 {[%mdl 512] Precision: White = 58%, Black = 40%.} 1-0

[Event "3rd Kolkata GM Open 2018"]
[Site "Kolkata"]
[Date "2018.05.22"]
[Round "9"]
[White "Nitin, S."]
[Black "Vishnu Prasanna. V"]
[Result "0-1"]
[WhiteElo "2432"]
[BlackElo "2532"]
[Annotator "TA"]
[PlyCount "84"]
[EventDate "2018.??.??"]
[EventType "swiss"]
[EventCountry "IND"]
[SourceTitle "playchess.com"]
[Source "ChessBase"]
[SourceQuality "1"]

{[%evp 11,84,14,47,29,22,0,7,0,3,6,16,4,0,0,0,0,0,0,0,0,16,0,0,0,0,0,0,0,18,0,7,0,0,0,0,-2,0,0,0,0,0,0,0,0,0,-22,-22,-22,-22,-22,-22,-22,-22,-81,-90,-125,-120,-157,-157,-150,-97,-104,-99,-102,-54,-121,-129,-174,-174,-255,-255,-255,-255,-255,-250]} 1. e4 c6 2. Nc3 d5 3. Nf3 Bg4 4. h3 Bxf3 5. Qxf3 e6 6. d3 g6 {LiveBook: 25 Games. B11: Caro-Kann: Two Knights Variation} (6... Nf6 7. Be2 Nbd7 8. Qg3 g6 9. h4 h5 10. O-O Bg7 11. Bf4 Qb6 12. Rab1 Rc8 13. Bf3 Bh6 14. Bxh6 Rxh6 15. Rfe1 {1-0 (30) Mamedov,R (2709)-Dreev,A (2653) Riadh 2017}) 7. h4 h5 8. Bg5 (8. d4 {looks sharper.} Nd7 9. Bg5 Be7 10. Qg3 dxe4 11. Nxe4 Ndf6 12. Qe5) 8... Be7 {The position is equal.} 9. Bxe7 Qxe7 10. d4 Nd7 {[%cal Bb8d7,Bd7f6,Bf6g4][%mdl 32]} 11. O-O-O Ngf6 12. g3 Nxe4 $146 ({Predecessor:} 12... O-O-O 13. exd5 Nxd5 14. Ne4 {½-½ (64) Ziska,H (2474)-Tari,A (2354) Oslo 2013}) 13. Nxe4 dxe4 14. Qxe4 Nf6 15. Qe5 O-O-O 16. Bg2 Ng4 17. Qf4 Rd7 18. Rd2 Rhd8 19. Rhd1 Rd6 20. Bf3 (20. Qg5 {feels hotter.} Qf8 21. Qa5 Kb8 22. c3 f6 23. a3) 20... Qf6 21. Qxf6 Nxf6 22. a3 Kc7 23. c4 R6d7 24. b3 Ne8 25. Kc2 Nd6 26. Kc3 a5 27. a4 b6 28. c5 Nf5 29. Be4 Ne7 30. cxb6+ Kxb6 31. Rd3 Kc7 32. Kb2 (32. Bg2 $11) 32... f5 $17 33. Bg2 {[#]} e5 $1 {[%cal Be6e5,Be5e4][%mdl 544]} 34. Kc3 (34. dxe5 Rxd3) 34... e4 35. R3d2 Rb8 (35... Nd5+ $142 36. Kb2 e3) 36. Bf1 Nd5+ 37. Kb2 Kd6 38. Bc4 (38. Rc1 $15) 38... Nb6 $36 {[%mdl 2048] Keeping White busy.} 39. Kc3 Rdb7 40. Rc2 (40. d5 $142 Nxc4 41. dxc6+ Kxc6 42. bxc4 Rb3+ 43. Kc2) 40... Nxc4 $19 {Black has a decisive advantage.} 41. bxc4 Rb3+ 42. Kd2 R8b4 {Precision: White = 58%, Black = 68%.} 0-1

[Event "3rd Kolkata GM Open 2018"]
[Site "Kolkata"]
[Date "2018.05.22"]
[Round "9"]
[White "Rahul Srivatshav P"]
[Black "Rahman, Ziaur"]
[Result "0-1"]
[WhiteElo "2402"]
[BlackElo "2495"]
[Annotator "TA"]
[PlyCount "82"]
[EventDate "2018.??.??"]
[EventType "swiss"]
[EventCountry "IND"]
[SourceTitle "playchess.com"]
[Source "ChessBase"]
[SourceQuality "1"]

{[%evp 10,82,56,49,75,54,48,36,41,26,43,48,40,0,0,-58,-41,-28,-7,-8,-9,-12,-15,-75,-75,-73,-80,-75,-66,-54,-47,-58,-28,-50,-42,-50,0,-52,-47,-41,68,-55,-42,-122,-123,-115,-120,-197,-157,-154,-150,-154,-140,-225,-225,-225,-225,-224,-224,-229,-229,-436,-429,-442,-418,-536,-511,-738,-419,-473,-430,-767,-750,-791,-737]} 1. d4 d6 2. c4 e5 3. d5 g6 4. e4 Nd7 5. Nc3 Ngf6 6. Bd3 {LiveBook: 13 Games. A53: Old Indian Defence without Nf3} Be7 $146 ({Predecessor:} 6... Bg7 7. Nge2 O-O 8. O-O Nc5 9. Bc2 a5 10. Rb1 c6 11. f3 cxd5 12. cxd5 b5 13. Be3 b4 14. Na4 Nfd7 15. Nxc5 Nxc5 16. Nc1 f5 17. Nd3 Nxd3 18. Bxd3 fxe4 19. fxe4 {½-½ (57) Kovacevic,B (2505)-Farkas,R (2319) Budapest 2017}) 7. Nge2 Nh5 8. g4 {White is slightly better.} Ng7 9. Bh6 O-O 10. Qd2 Nc5 11. f3 Bh4+ 12. Kd1 (12. Ng3 $11) 12... Qf6 $1 $15 {[%cal Rf6f3]} 13. Ng1 $1 Nxd3 14. Qxd3 a6 15. Nge2 b5 16. b3 (16. cxb5 $11 {remains equal.} axb5 17. Nxb5) 16... Bd7 $17 17. Kc2 Rfb8 18. Rhg1 Bg5 19. Bxg5 Qxg5 20. h4 Qd8 21. Qe3 bxc4 22. bxc4 c5 (22... Qxh4 $6 23. Rh1 $16) 23. f4 (23. h5 $11) 23... Rb4 $1 $15 ({Of course not} 23... Qxh4 $6 24. fxe5 Bxg4 25. exd6 $14) ({Weaker is} 23... Qb6 24. Raf1 $16) 24. Kd3 Qb6 (24... exf4 $15 25. Qxf4 Qxh4) 25. Rab1 (25. a3 $14 Rb3 26. Rab1) 25... Bxg4 $1 26. Rxb4 (26. fxe5 $15 dxe5 27. Rxb4 Bxe2+ 28. Kc2 Bd1+ 29. Rxd1 Qxb4 30. Qd3) 26... Bxe2+ $1 $17 27. Nxe2 Qxb4 28. f5 (28. fxe5 $17 dxe5 29. Qd2) 28... Qa3+ 29. Nc3 {[#]} Nh5 $1 {...Rb8 is the strong threat.} 30. Rb1 Qa5 31. fxg6 (31. Kc2 $17) 31... hxg6 $19 32. Qg5 {[#]} Qc7 $1 33. Kc2 Kg7 34. Rg1 {And now Qxh5 would win.} Rh8 35. Ne2 $2 (35. a3) 35... Qd7 36. Rf1 Qh3 ({Less strong is} 36... Qa4+ 37. Kd3 $19) 37. Rf2 {White hopes to continue with Qe7.} f6 38. Qg2 Qxh4 39. Rf1 Nf4 {Black is clearly winning.} 40. Nxf4 (40. Qf3 $142) 40... exf4 41. Rg1 Qh2 {Precision: White = 34%, Black = 70%.} 0-1

[Event "3rd Kolkata GM Open 2018"]
[Site "Kolkata"]
[Date "2018.05.22"]
[Round "9"]
[White "Raghunandan, Kaumandur Srihari"]
[Black "Tukhaev, Adam"]
[Result "0-1"]
[WhiteElo "2400"]
[BlackElo "2551"]
[Annotator "TA"]
[PlyCount "74"]
[EventDate "2018.??.??"]
[EventType "swiss"]
[EventCountry "IND"]
[SourceTitle "playchess.com"]
[Source "ChessBase"]
[SourceQuality "1"]

{[%evp 21,74,50,62,73,73,72,66,66,70,67,66,52,63,24,18,21,29,0,-16,-21,-14,-45,-38,-89,-89,-101,-110,-152,-152,-187,-114,-139,0,-187,-183,-154,-56,-212,-197,-193,-189,-468,-469,-817,-772,-809,-811,-795,-814,-806,-787,-801,-610,-617,-553]} 1. d4 Nf6 2. c4 g6 3. Nc3 Bg7 4. e4 d6 5. h3 O-O 6. Be3 c5 7. Nf3 cxd4 8. Nxd4 b6 {E90: King's Indian: Classical: Early deviations and 6 h3} 9. g3 Bb7 10. Bg2 Nbd7 11. O-O Rb8 {LiveBook: 5 Games} 12. Qd2 $146 ({Predecessor:} 12. Qc2 a6 13. Rad1 e6 14. Rfe1 Qe7 15. Qd2 Rfc8 16. b3 {½-½ (66) Bluebaum,M (2640)-Amin,B (2693) Wijk aan Zee 2018}) 12... Rc8 13. b3 Nc5 {[%cal Rf6e4]} 14. f3 a6 15. Rac1 e6 16. g4 Qe7 17. Rfe1 Rfd8 18. Bf2 Nfd7 {[%cal Bf6d7,Bd7e5,Be5g6][%mdl 32]} 19. Rcd1 Ne5 20. Qe3 g5 21. Bf1 Ng6 22. b4 (22. Bg2 $15) 22... Nd7 $17 23. Na4 Be5 24. Nb3 Qf6 25. c5 {[#]} Bf4 (25... bxc5 $1 $19 26. bxc5 Bc6) 26. Qc3 {Qxf6 is the strong threat.} Be5 27. Qe3 {[#]} bxc5 $1 28. bxc5 d5 (28... dxc5 $17 {aiming for ...c4.} 29. Naxc5 Nxc5 30. Nxc5 Bc6 31. Bxa6 Ra8) 29. Na5 $2 (29. exd5 $15 Bf4 30. Qc3) 29... d4 $19 30. Qd2 Ba8 $40 {[%mdl 128] White is in trouble.} 31. Bxa6 $2 (31. Nc4 {is a better defense.}) 31... Qxf3 {Black is clearly winning.} 32. Qd3 {[#]} (32. Bf1 $142 Nf4 33. Nc4) 32... Bh2+ $1 {[%mdl 512]} 33. Kxh2 Qxf2+ 34. Kh1 Nxc5 35. Nxc5 Rxc5 36. Rf1 Qxa2 37. Ra1 Qc2 {Precision: White = 31%, Black = 78%.} 0-1

[Event "3rd Kolkata GM Open 2018"]
[Site "Kolkata"]
[Date "2018.05.22"]
[Round "9"]
[White "Sekar, B."]
[Black "Swapnil, S. Dhopade"]
[Result "0-1"]
[WhiteElo "2304"]
[BlackElo "2505"]
[Annotator "TA"]
[PlyCount "92"]
[EventDate "2018.??.??"]
[EventType "swiss"]
[EventCountry "IND"]
[SourceTitle "playchess.com"]
[Source "ChessBase"]
[SourceQuality "1"]

{[%evp 18,92,27,19,24,12,17,29,22,21,44,14,12,13,19,0,30,-27,-12,-34,-31,-52,-31,-67,-53,-57,-50,-64,-64,-145,-154,-218,-213,-254,-256,-363,-363,-363,-360,-356,-356,-376,-372,-361,-331,-363,-357,-365,-360,-382,-394,-393,-387,-367,-366,-397,-347,-310,-341,-508,-512,-529,-504,-577,-582,-577,-567,-525,-445,-505,-502,-478,-470,-468,-459,-5098,-2777]} 1. e4 c6 2. Nc3 d5 3. Nf3 Nf6 4. e5 Ne4 5. Ne2 Qb6 6. d4 {B11: Caro-Kann (Zweispringer-Variante)} e6 7. Ng3 c5 8. c3 Nc6 9. Bd3 Nxg3 10. hxg3 {LiveBook: 19 Partien} cxd4 11. cxd4 Bd7 12. Kf1 Be7 (12... Nxd4 $2 13. Be3 $18) 13. g4 {[#]} Nb4 $146 ({Falsch wäre} 13... Nxd4 $2 14. Be3 $18) 14. Bb1 Bb5+ 15. Kg1 Nc6 {[%cal Bb4c6,Bc6b4,Bb4c2][%mdl 32]} 16. Be3 O-O-O 17. Kh2 ({Lieber} 17. Ng5 Bxg5 18. Bxg5) 17... h6 18. g3 Kb8 $36 {[%mdl 2048] Schwarz drückt.} 19. Bd3 Rc8 20. Rb1 Nb4 21. Bxb5 Qxb5 22. a3 Nc2 23. Bd2 (23. Kg2 $15) 23... Qd3 $17 24. Ba5 (24. Kg2 $17 {ist eine bessere Verteidigung.}) 24... Qe4 $19 25. Rc1 Bg5 26. Nd2 (26. Bd2 {kämpft weiter.}) 26... Bxd2 ({Weniger gut wäre} 26... Qxd4 27. Qe2 $19) 27. Qxd2 h5 ({Auf keinen Fall} 27... Nxd4 28. Qf4 $19) 28. g5 Nxd4 29. Qf4 Qxf4 30. gxf4 g6 31. Bb4 b6 32. Rcd1 Rc4 33. Rd3 Nf5 34. Bd2 Rhc8 35. Kg2 Rd4 36. Rhh3 Rc2 37. Rxd4 Nxd4 {[%mdl 4096] Endspiel KTL-KTS} 38. Bb4 (38. Rd3 {war erzwungen.} Nf5 39. Bc3) 38... Kb7 {Schwarz steht klar auf Gewinn.} 39. Rd3 Nf5 40. Bc3 Kc6 41. Kf1 Rc1+ 42. Ke2 Kb7 43. a4 a5 44. b4 axb4 45. Bxb4 Rc4 46. Rb3 (46. Bd2 $142 Rxa4 47. Rc3) 46... Nd4+ {Precision: Weiß = 27%, Schwarz = 75%.} 0-1

[Event "3rd Kolkata GM Open 2018"]
[Site "Kolkata"]
[Date "2018.05.22"]
[Round "9"]
[White "Sangma, Rahul"]
[Black "Iniyan, P."]
[Result "0-1"]
[WhiteElo "2295"]
[BlackElo "2469"]
[Annotator "TA"]
[PlyCount "72"]
[EventDate "2018.??.??"]
[EventType "swiss"]
[EventCountry "IND"]
[SourceTitle "playchess.com"]
[Source "ChessBase"]
[SourceQuality "1"]

{[%evp 17,72,-11,0,-2,0,-4,-1,-15,-12,-4,-5,-26,6,0,-6,-13,-13,-13,-6,-9,0,-6,0,0,31,35,35,28,25,26,83,100,87,94,89,22,41,27,34,-36,-18,-15,-11,-11,-22,-25,-2,-493,-493,-470,-472,-569,-557,-558,-562,-690,-574]} 1. Nf3 Nf6 2. g3 g6 3. b3 Bg7 4. Bb2 O-O 5. Bg2 d5 6. c4 c6 7. O-O Bg4 8. h3 Bxf3 {A11: English Opening: 1...c6} 9. Bxf3 d4 {LiveBook: 4 Games} (9... e6 10. Qc2 Nbd7 11. d3 Re8 12. e3 a5 13. Nc3 Nb6 14. Rac1 a4 15. Nxa4 Nxa4 16. bxa4 dxc4 17. Qxc4 {1-0 (60) Jones,G (2654)-Martirosyan,H (2516) Minsk 2017}) 10. b4 e5 {The position is equal.} 11. d3 Qd7 $146 ({Predecessor:} 11... a5 12. Qa4 Nbd7 13. b5 Nc5 14. Qa3 Qd6 15. Nd2 Nfd7 16. Rab1 {½-½ (43) Harvey,M (2267)-Ansell,S (2382) England 2013}) 12. Bg2 a5 13. a3 Na6 14. Qb3 Rfe8 15. Nd2 Bf8 {[%cal Ra5b4]} 16. c5 Nd5 {[%cal Ra5b4]} 17. Nc4 axb4 18. axb4 Qe6 19. Ba3 f5 20. Rfe1 e4 21. dxe4 fxe4 22. Rad1 Bg7 23. Bb2 $1 e3 (23... b5 $11 24. cxb6 Nxb6) 24. f4 $16 b5 {[#]} 25. cxb6 $1 Nxb6 26. Rc1 (26. Na5 $16) 26... Nxc4 27. Rxc4 {Qd3 is the strong threat.} Rab8 28. Rd1 {[#]} ({White should try} 28. Bxc6 $14 Nc5 29. Qa2 (29. Rxc5 Qxb3 30. Bd5+ Qxd5 $15) 29... Qxc6 30. Rxc5+ Qe6 31. Qxe6+ Rxe6 32. Rc4) 28... Nc5 $1 $36 {[%cal Rc5b3,Ba6c5,Bc5d3,Bd3e1][%mdl 2592] Black is more active.} 29. Qc2 {[#]} (29. bxc5 Rxb3) 29... d3 $1 {[%cal Rd3c2][%mdl 512]} 30. Rxd3 $1 (30. exd3 e2) 30... Nxd3 31. Bxg7 {Hoping for Bh6.} Ne1 32. Qe4 $2 {[%mdl 8192]} (32. Qb3 $11 {and White stays safe.} Kxg7 33. Qc3+ Kh6 34. Rxc6) 32... Qxe4 $19 {Black is clearly winning.} ({Weaker is} 32... Kxg7 33. Qxe6 Rxe6 34. Bxc6 $19) 33. Bxe4 Kxg7 34. Bxc6 {[#]} Red8 $1 35. b5 {and the idea Rc1 leaves White hopeful.} Rd2 36. Re4 Nc2 {Precision: White = 55%, Black = 42%.} 0-1